Italian vocabulary - Adjectives #1 - Statistics

General Stats
  • This quiz has been taken 42 times
  • The average score is 36 of 51
Answer Stats
translation aggettivo possessivo % Correct
my mio
97%
mia
89%
first primo
89%
red rosso
89%
green verde
89%
mie
86%
black nero
86%
nostra
86%
white bianco
83%
blue blu
83%
tua
83%
your (singular) tuo
83%
their loro
81%
nostre
81%
his/her/its suo
81%
miei
78%
nostri
78%
our nostro
78%
second secondo
78%
sua
78%
yellow giallo
75%
pink rosa
75%
tue
75%
vostra
75%
vostre
75%
brown marrone
72%
this questo
72%
vostri
72%
questa
69%
sue
69%
your (plural) vostro
69%
queste
67%
these questi
67%
suoi
67%
tuoi
64%
that quello|quel
58%
purple viola
58%
light blue azzurro
56%
quella
56%
quelle
56%
those quelli|quegli
56%
gray grigio
53%
fourth quarto
53%
fifth quinto
53%
third terzo
53%
eighth ottavo
47%
sixth sesto
47%
seventh settimo
47%
orange arancione
44%
tenth decimo
44%
ninth nono
44%
No matching quizzes found
Score Distribution
Percent of People with Each Score
Percentile by Number Answered
Your Score History
You have not taken this quiz